000 003110000a22001450004500
001 005593
003 MACL
040 _aMACL
090 _c17586
_d17585
245 _aTareekh Tamuddan
_bAli Munshi Ahmad
260 _aInstitute Press Aligarh
350 _a1.25
650 _aUrdu Literature
942 _k891
_cBook
999 _c17475
_d17475